000 00333nam a2200145Ia 4500
008 230718s9999 xx 000 0 und d
041 _aEng.
082 _a340
_bDAD-H
100 _aDadomo, Christian
245 0 _aHow to Prepare for law
260 _aPakistan
_bMuneeb laur
_c2006
300 _a232
650 _aLaw
999 _c26234
_d26234